=LDR 00000nam 2200000 4500 =001 INLIS000000000006455 =005 20251110095550 =035 ##$$a 0010-1125000329 =007 ta =008 251110###########################0#ind## =082 ##$$a 614.42 =084 ##$$a 614.42 IAN e =100 #$$a Ian Prior =245 1#$$a Epidemics, Health and Disease In a Small, Isolated Environment /$c Badan Koordinasi Keluarga Berencana Nasional =260 ##$$a Wellington :$b Badan Koordinasi Keluarga Berencana Nasional =300 ##$$a 21 Hal : $b Ilus ; $c 21 =650 #4$$a Keluarga Berencana =700 #$$a John Stanhope =856 ##$$a Perpustakaan Kemendukbangga